The Business Valuation Book : Proven strategies for measuring a company’s value

This volume demystifies the valuation process so that people with no prior evaluation experience can realistically estimate the fair market value of almost any company.

Shranjeno v:
Bibliografske podrobnosti
Glavni avtor: Gabehart, Scott
Format: Knjiga
Jezik:Undetermined
Izdano: New York Amacom, American Management Association, 2002
Teme:
Oznake: Označite
Brez oznak, prvi označite!
Thư viện lưu trữ: Trung tâm Học liệu Trường Đại học Cần Thơ
LEADER 00914nam a2200241Ia 4500
001 CTU_188907
008 210402s9999 xx 000 0 und d
020 |c 4103000 
082 |a 658.15 
082 |b G112 
100 |a Gabehart, Scott 
245 4 |a The Business Valuation Book : 
245 0 |b Proven strategies for measuring a company’s value 
245 0 |c Scott Gabehart, Richard Brinkley. 
260 |a New York 
260 |b Amacom, American Management Association, 
260 |c 2002 
520 |a This volume demystifies the valuation process so that people with no prior evaluation experience can realistically estimate the fair market value of almost any company. 
650 |a Business enterprises,Hoạt động kinh doanh 
650 |x Valuation,Đánh giá 
650 |z United States,Hoa Kỳ 
904 |i Anh Đào,Hải 
980 |a Trung tâm Học liệu Trường Đại học Cần Thơ